000
00238nam a2200097Ia 4500
008
230907s9999||||xx |||||||||||||| ||und||
082
_a
697.9
_b
ASH
245
0
_a
ASHRAE laboratory design guide :
300
_a
xiv, 314 pages :
942
_c
BK
999
_c
599501
_d
599501